| 000 | 00691cam a22002413a 4500 | ||
|---|---|---|---|
| 001 | 31046 | ||
| 003 | PGUSA | ||
| 005 | 20140828083654.0 | ||
| 008 | 100122s2010||||xxu|||||s|||||000 | eng d | ||
| 040 |
_aPGUSA _beng |
||
| 042 | _adc | ||
| 050 | 4 | _aQH | |
| 100 | 1 |
_aCockrum, E. Lendell, _d1920-2009 |
|
| 245 | 1 | 2 |
_aA New Pocket Mouse (Genus Perognathus) from Kansas _h[electronic resource] / _cE. Lendell Cockrum |
| 260 |
_bProject Gutenberg, _c2010 |
||
| 506 | _aPublic domain in the USA. | ||
| 516 | _aElectronic text | ||
| 653 | _aMammals -- Kansas | ||
| 653 | _aPocket mice | ||
| 830 | 0 |
_aProject Gutenberg _v31046 |
|
| 856 | 4 | 0 | _uhttp://www.gutenberg.org/ebooks/31046 |
| 942 | _cEB | ||
| 999 |
_c260301 _d260301 |
||